000 00572nam a2200205Ia 4500
005 20250923144937.0
008 008 250917s9999 xx 000 0 eng d
037 _aTextual
040 _aDSWL
_beng
_cDSWL
041 _aeng
_2eng
084 _aY131.262, J91
_qDSWL
100 _aMukherjee, R.
_9830099
245 0 _aDynamics of a Rural society
_cby R. Mukherjee
260 _aBerlin
_bAcademic Verlag
_c1957
300 _aX,134 p.
365 _aINR
_b15
925 _g15
942 _cTEXL
_hY131.262, J91
999 _c1445225
_d1445225